000 00333pam a2200157a 44500
008 230515b2009 xxu||||| |||| 00| 0 eng d
020 _aNULL
041 _aENGLISH
082 _a611.2
100 _aB D CHAURASIA
245 _aHAND BOOK OF ANATOMY
250 _a0
260 _a
_bC B S
_c2009
300 _a262
650 _aNULL
999 _c526216
_d526216